Estudios de lingüística románica

Guardado en:
Bibliografiske detaljer
Hovedforfatter: Coseriu, Eugenio
Format: Bog
Sprog:Undetermined
Udgivet: Madrid, España Gredos 1977
Fag:
Tags: Tilføj Tag
Ingen Tags, Vær først til at tagge denne postø!

MARC

LEADER 00000nam a2200000Ia 4500
008 170316s9999 xx 000 0 und d
090 |a 410 C-21e 
100 |a Coseriu, Eugenio 
245 |a Estudios de lingüística románica 
260 |a Madrid, España 
260 |b Gredos 
260 |c 1977 
300 |a 314 páginas 
650 |a LINGÜÍSTICA 
999 |c 18282  |d 18282 
040 |a cru BVZT 
942 |c 15 D  |h 410 C-21e  |2 z